Pokémon ayant le plus de cartes - Statistiques

Statistiques générales
  • Ce quiz a été pris 585 fois
  • Le résultat moyen est 4 sur 10
Statistiques - réponses
Cartes Pokémon Gén. % Correct
218 Pikachu 1
99%
48 Dracaufeu 1
93%
48 Mewtwo 1
69%
69 Évoli 1
56%
56 Raichu 1
45%
46 Lucario 4
22%
51 Miaouss 1
22%
92 Zarbi 2
8%
45 Goupix 1
7%
43 Feunard 1
6%
Aucun quiz correspondant
Distribution des résultats
% des personnes avec chaque résultat
Percentile par nombre de réponses
Votre historique - résultats
Vous n’avez pas pris ce quiz